Quản lý đô thị
Nội dung: đề cập đến những khái niệm cơ bản nhất về quản lý đô thị; và quản lý quy họach xây dựng được trình bày tương đối tổng quát nhằm kiểm soát sự tăng trưởng của đô thị vì nó mang tính quyết định cho sự phát triển của mỗi đo...
Na minha lista:
| Autor principal: | |
|---|---|
| Formato: | Livro |
| Idioma: | Undetermined |
| Publicado em: |
Hà Nội
Xây dựng
2011
|
| Assuntos: | |
| Tags: |
Adicionar Tag
Sem tags, seja o primeiro a adicionar uma tag!
|
| Thư viện lưu trữ: | Trung tâm Học liệu Trường Đại học Cần Thơ |
|---|
| LEADER | 01114nam a2200229Ia 4500 | ||
|---|---|---|---|
| 001 | CTU_168904 | ||
| 008 | 210402s9999 xx 000 0 und d | ||
| 020 | |c 53000 | ||
| 082 | |a 711.4 | ||
| 082 | |b M107 | ||
| 100 | |a Phạm, Trọng Mạnh | ||
| 245 | 0 | |a Quản lý đô thị | |
| 245 | 0 | |c Phạm Trọng Mạnh | |
| 260 | |a Hà Nội | ||
| 260 | |b Xây dựng | ||
| 260 | |c 2011 | ||
| 520 | |a Nội dung: đề cập đến những khái niệm cơ bản nhất về quản lý đô thị; và quản lý quy họach xây dựng được trình bày tương đối tổng quát nhằm kiểm soát sự tăng trưởng của đô thị vì nó mang tính quyết định cho sự phát triển của mỗi đô thị và của cả mạng lưới đô thị toàn quốc. | ||
| 526 | |a Chính sách đô thị,Quản lý đô thị | ||
| 526 | |b MTD610,MT158 | ||
| 650 | |a Quy hoạch thành phố,City planning,Urban policy | ||
| 904 | |i Trọng Hiếu | ||
| 980 | |a Trung tâm Học liệu Trường Đại học Cần Thơ | ||